| 000 | 01767nam a2200409 c 4500 | ||
|---|---|---|---|
| 001 | 53608 | ||
| 003 | ES-MaCES | ||
| 005 | 20250310111550.0 | ||
| 007 | cr ||||||||||| | ||
| 008 | 250310s2024 it r i000 | spa d | ||
| 020 | _a9789251390962 | ||
| 040 |
_aES-MaCES _bspa _cES-MaCES |
||
| 245 | 0 | 3 |
_aEl estado de la seguridad alimentaria y la nutrición en el mundo 2024 _hRecurso electrónico _b: financiación para acabar con el hambre, la inseguridad alimentaria y la malnutrición en todas sus formas _cFAO, Organización de las Naciones Unidas para la Alimentación y la Agricultura ... [et al.] |
| 260 |
_aRoma _bFAO _c2024 |
||
| 300 |
_a1 documento pdf _c(9,36 mb) |
||
| 490 | 1 |
_aEl estado de la seguridad alimentaria y la nutrición en el mundo _v2024 |
|
| 504 | _aBibliografía: p. 220-233 | ||
| 541 | _cGratuito | ||
| 650 | 4 |
_aseguridad alimentaria _928667 |
|
| 650 | 4 |
_anutrición _928676 |
|
| 650 | 4 |
_aayuda alimentaria _926642 |
|
| 650 | 4 |
_apolítica alimentaria _928664 |
|
| 650 | 4 |
_aagroindustria _929715 |
|
| 650 | 4 |
_apolítica agraria _927494 |
|
| 650 | 4 |
_adesarrollo urbano _928619 |
|
| 650 | 4 |
_adesarrollo rural _928607 |
|
| 650 | 4 |
_a2024 _941055 |
|
| 650 | 4 |
_ainforme _928986 |
|
| 653 | 1 | 0 | _aSalud |
| 710 | 2 |
_aOrganización de las Naciones Unidas para la Agricultura y la Alimentación _94713 |
|
| 787 | 0 |
_tEl estado de la seguridad alimentaria y la nutrición en el mundo 2023 _w(ES-MaCES)53344 |
|
| 830 | 3 |
_941315 _aEl estado de la seguridad alimentaria y la nutrición en el mundo _v2024 |
|
| 856 | 4 |
_uhttps://doi.org/10.4060/cd1254es _yhttps://doi.org/10.4060/cd1254es |
|
| 856 | 4 |
_uhttp://biblioteca.ces.es/repintra/B53608.pdf _ytexto completo _z[intranet] |
|
| 902 | _aELE PUB. ELECTRONICA | ||
| 942 |
_2CES _cBK _h3.1. |
||
| 999 |
_c53608 _d53608 |
||